01496nam a22003494a 4500001001200000003000800012006001900020007001500039008004100054010001700095020004000112020002700152040002100179035002000200050002900220082001800249100005000267245012700317260007700444300002400521490006600545504005400611533015200665650002500817650002600842650002200868655002900890710001700919830006700936856012601003999001701129ebr10014899CaPaEBRm u cr cn|||||||||981201s1999 enka sb 000 0 eng  z 98053259  z0521470013 (hardcover : alk. paper) z052166540X (paperback) aCaPaEBRcCaPaEBR a(OCoLC)5127353714aQH541.15.R45bW48 1999eb04a333.7/1532211 aWhisenant, Steven G.q(Steven Gerald),d1950-10aRepairing damaged wildlandsh[electronic resource] :ba process-oriented, landscape-scale approach /cSteven G. Whisenant. aCambridge, UK ;aNew York, NY, USA :bCambridge University Press,c1999. axii, 312 p. :bill.1 aBiological conservation, restoration, and sustainability ;v1 aIncludes bibliographical references (p. 258-308). aElectronic reproduction.bPalo Alto, Calif. :cebrary,d2013.nAvailable via World Wide Web.nAccess may be limited to ebrary affiliated libraries. 0aRestoration ecology. 0aConservation biology. 0aRange management. 7aElectronic books.2local2 aebrary, Inc. 0aBiological conservation, restoration, and sustainability ;v1.40uhttp://site.ebrary.com/lib/rucke/Doc?id=10014899zAn electronic book accessible through the World Wide Web; click to view c26780d26780